000 00337 a2200145 4500
001 153073
040 _cEscola São Tomás de Aquino
240 1 0 _aO conde de Monte Cristo
_lpor
245 1 0 _aO conde de Monte Cristo
300 _a112
362 0 _a2005
440 1 _aEscala Educacional
697 _a*LITERATURA JUVENIL
942 _cBK
999 _c153073
_d153073